Remarriage /

Bibliographic Details
Main Author: Ihinger-Tallman, Marilyn
Other Authors: Pasley, Kay
Format: Book
Language:English
Published: Newbury Park, Calif. : Sage Publications, [1987]
Series:Family studies text series ; 7.
Subjects:

MARC

Tag First Indicator Second Indicator Subfields
LEADER 00000cam a2200000 a 4500
001 in00000008155
005 20151002070150.0
008 870227s1987 caua b 00110 eng
010 |a  87004713  
020 |a 0803926286 
020 |a 0803926294 (pbk.) 
035 |a (OCoLC)15316706 
035 |9 AAA0514AM 
040 |a DLC  |c DLC  |d TXA  |d UtOrBLW 
050 0 0 |a HQ1018  |b .I36 1987 
082 0 |a 306.8/4  |2 19 
100 1 |a Ihinger-Tallman, Marilyn. 
245 1 0 |a Remarriage /  |c Marilyn Ihinger-Tallman and Kay Pasley. 
264 1 |a Newbury Park, Calif. :  |b Sage Publications,  |c [1987] 
264 4 |c ©1987 
300 |a 160 pages :  |b illustrations ;  |c 22 cm. 
336 |a text  |b txt  |2 rdacontent 
337 |a unmediated  |b n  |2 rdamedia 
338 |a volume  |b nc  |2 rdacarrier 
490 1 |a Family studies text series ;  |v 7 
504 |a Bibliography: pages 142-152. 
500 |a Includes indexes. 
650 0 |a Remarriage. 
650 0 |a Stepfamilies. 
700 1 |a Pasley, Kay. 
830 0 |a Family studies text series ;  |v 7. 
999 |a MARS 
999 f f |s 670c60c6-92ed-359d-ada3-993c954a49f2  |i cfb8e25e-b3b7-33c1-b2ef-3f7e1cb22937  |t 0 
952 f f |p ric  |a Texas A&M University  |b Rellis Campus  |c Joint Library Facility  |d Remote Storage  |t 0  |e HQ1018 .I36 1987  |h Library of Congress classification  |i unmediated -- volume  |m A14812615062 
998 f f |a HQ1018 .I36 1987  |t 0  |l Remote Storage